00668nam a2200181Ia 4500008004100000020001800041041000800059082002000067100003100087245005000118260005500168300000900223500001600232650003800248700002500286999001500311952016000326220803s9999 xx 000 0 und d a81-7305-315-4 aeng a658.408 CHA/BAD aChakravarty K K Ed.911893 aTraditional Water Management Systems Of India aBhopalbIndira Gandhi Rashtriya Sangrahalayac2000 a192p aEnvironment aEnvironmental Architecture911894 aBadam G L Ed.911895 c9681d9681 001040708Book of B ArchaBNCAbBNCAcT4d1996-08-24eIBTg1062.00l0o628.4 CHA/BADpBNCA-BK-1439r2022-08-03 00:00:00v1250.00w1996-08-09yBKzB001439